000 00548nam a2200193 i 4500
001 84055
003 ES-MaACL
005 20251015063107.0
007 t|
008 041119s1932 sp ||||1| spa d
100 1 _aJaurès, Jean,
_d1859-1914
_966196
245 1 3 _aEl nuevo ejército /
_cJuan Jaurés.
260 _aMadrid :
_bM. Aguilar,
_c1932.
300 _a510 p. ;
_c20 cm.
650 4 _aServicio militar-
_zFrancia.
_9152718
650 0 4 _aFuerzas armadas-
_zFrancia.
_913004
852 _aES-MaACL
_jA-949
999 _c84055
_d84055